| 000 | 00543nam a22001577a 4500 | ||
|---|---|---|---|
| 005 | 20250129083625.0 | ||
| 008 | 250129b |||||||| |||| 00| 0 eng d | ||
| 020 | _a9780838581605 | ||
| 050 | _aRB37.5 PAT | ||
| 245 |
_aPathophysiology of Disease/ a LANGE medical book _ban introduction to clinical medicine _cedited by Stephen J. McPhee...et al., |
||
| 250 | _a3rd ed. | ||
| 260 |
_aNew York _bLange Medical Books/McGraw-Hill _c2000 |
||
| 300 |
_ax. 662p. _bill. some color _c25.5cm |
||
| 700 | _aMcPhee, Stephen J. | ||
| 942 |
_2lcc _cBK _e3rd ed. _n0 |
||
| 999 |
_c3185 _d3185 |
||